| 000 | 00367nam a2200145Ia 4500 | ||
|---|---|---|---|
| 008 | 150201s2009 xx 000 0 und d | ||
| 082 |
_a617.63 _bC2009W |
||
| 100 | _aWILSON,NAIRN | ||
| 245 | _aCLINICAL DENTAL MEDICINE 2020 | ||
| 250 | _a1ST | ||
| 260 |
_bQUINTESSENCE PUBLICATION _aCHICAGO _c2009 |
||
| 300 | _a1-221 | ||
| 650 | _aORAL MEDICINE | ||
| 942 |
_2ddc _cBK _01 |
||
| 999 |
_c4586 _d4586 |
||